00519nam a2200145 a 45000010005000000030005000050050017000100080041000270400020000682450104000882600068001923000011002606100051002717100051003224207CDMR20131107171102.0130130s1978||||||||||||||||||||||||||||d aCDMRbcatcCDMR 0aCincuenta años de Prensa Técnicab: pasado, presente y futuro de la Prensa Técnica Española aBarcelonac1978bAsociación Española de la Prensa Técnica a132 p.2 aAsociación Española de la Prensa Técnica2 aAsociación Española de la Prensa Técnica